[Event "8th EUR-ch (w)"]
[Site "Dresden GER"]
[Date "2007.04.04"]
[Round "2"]
[White "Rolli, Corinne"]
[Black "Daulyte, Deimante"]
[Result "1/2-1/2"]
[WhiteElo "2009"]
[BlackElo "2224"]
[EventDate "2007.04.03"]
[PlyCount "152"]

1.e4 Nf6 2.Nf3 g6 3.c4 Bg7 4.Nc3 O-O 5.d4 d6 6.Bg5 h6 7.Bh4 Nbd7 8.Be2 g5 
9.Bg3 Nh5 10.O-O e5 11.d5 Nf4 12.Nd2 Nc5 13.Bg4 Bxg4 14.Qxg4 h5 15.Qd1 h4 
16.Bxf4 exf4 17.Qh5 Re8 18.Nf3 Bf6 19.Rae1 Nd3 20.Re2 Ne5 21.Nd4 Nxc4 22.
Nf5 Ne5 23.f3 Ng6 24.Nb5 Be5 25.Nbd4 Bxd4+ 26.Nxd4 Qf6 27.Nf5 Ne7 28.Nxe7+
Rxe7 29.g3 hxg3 30.hxg3 fxg3 31.Kg2 Kg7 32.Rh1 Qg6 33.Qh3 f5 34.Kxg3 fxe4 
35.fxe4 Rae8 36.Rf1 g4 37.Qxg4 Qxg4+ 38.Kxg4 Rxe4+ 39.Rxe4 Rxe4+ 40.Kf3 
Re7 41.Rg1+ Kf7 42.Rg4 c6 43.Ra4 cxd5 44.Rxa7 Ke6 45.a4 Rh7 46.b4 Ke5 47.
Ke3 d4+ 48.Kd3 Rh3+ 49.Kd2 Ke4 50.Rxb7 Rh2+ 51.Kc1 d3 52.Rd7 d5 53.b5 Ra2 
54.Rh7 Ke3 55.Rh3+ Kd4 56.b6 Rc2+ 57.Kb1 Rc6 58.a5 Rc5 59.a6 Rb5+ 60.Kc1 
Rxb6 61.a7 Ra6 62.Rh7 Ra2 63.Kd1 Kc5 64.Rc7+ Kd6 65.Rg7 d4 66.Rg4 Kd5 67.
Rg7 Ke5 68.Re7+ Kd6 69.Rh7 Kc5 70.Rc7+ Kb6 71.Rd7 Kc5 72.Rc7+ Kd6 73.Rh7 
d2 74.Rh5 Rxa7 75.Kxd2 Ra3 76.Rg5 Ke6 1/2-1/2

[Event "8th EUR-ch (w)"]
[Site "Dresden GER"]
[Date "2007.04.04"]
[Round "2"]
[White "Topel, Zehra"]
[Black "Apanaviciute, Kristina"]
[Result "1-0"]
[WhiteElo "2224"]
[BlackElo "2008"]
[EventDate "2007.04.03"]
[PlyCount "141"]

1.d4 Nf6 2.c4 e6 3.Nf3 Bb4+ 4.Bd2 c5 5.Bxb4 cxb4 6.Qb3 a5 7.a3 bxa3 8.Rxa3
O-O 9.Nc3 d6 10.g3 Nc6 11.Bg2 Nb4 12.O-O Rb8 13.Na2 Nxa2 14.Rxa2 b6 15.
Rxa5 Bb7 16.Ra7 Bc6 17.Rd1 b5 18.c5 Ne4 19.cxd6 Bd5 20.Qb4 Qxd6 21.Qxd6 
Nxd6 22.Ne5 Bxg2 23.Kxg2 Rbc8 24.d5 exd5 25.Rxd5 Rfe8 26.Rd7 Nc4 27.Nxc4 
bxc4 28.Rf5 Rf8 29.Rf3 Rb8 30.Rd2 g6 31.Rc2 Rb4 32.h4 Rfb8 33.e3 Kg7 34.h5
R8b7 35.Rf4 g5 36.Rf5 h6 37.Kf3 R7b6 38.Rc5 g4+ 39.Kg2 Rxb2 40.R2xc4 R6b4 
41.Rf4 Rxf4 42.gxf4 Rb1 43.e4 Rb4 44.Re5 Rb3 45.Rf5 Rf3 46.e5 Ra3 47.Rf6 
Rh3 48.Rc6 Rf3 49.Rc4 Rh3 50.f5 Rxh5 51.Rxg4+ Kf8 52.Rf4 Ke7 53.Kf3 Rh1 
54.Ra4 Re1 55.Ra7+ Kf8 56.Kf4 h5 57.f6 Ke8 58.Ra8+ Kd7 59.Rf8 Ke6 60.Re8+ 
Kd5 61.Rd8+ Kc6 62.Rd6+ Kc7 63.Rd3 Rg1 64.e6 Rg4+ 65.Kf5 fxe6+ 66.Kxe6 
Re4+ 67.Kf5 Re2 68.f4 Re8 69.f7 Rf8 70.Kf6 h4 71.Kg7 1-0

[Event "8th EUR-ch (w)"]
[Site "Dresden GER"]
[Date "2007.04.04"]
[Round "2"]
[White "Ziemann, Nadine"]
[Black "Mader, Manuela"]
[Result "1/2-1/2"]
[WhiteElo "1989"]
[BlackElo "2223"]
[EventDate "2007.04.03"]
[PlyCount "81"]

1.e4 c6 2.d4 d5 3.Nc3 dxe4 4.Nxe4 Bf5 5.Ng3 Bg6 6.h4 h6 7.Nf3 Nd7 8.h5 Bh7
9.Bd3 Bxd3 10.Qxd3 e6 11.Bf4 Ngf6 12.O-O-O Qa5 13.Kb1 Be7 14.Ne5 O-O 15.
Qb3 Nxe5 16.dxe5 Nd5 17.Bd2 Qc7 18.c4 Nb6 19.f4 a5 20.Be3 Nd7 21.Rd3 a4 
22.Qc2 a3 23.b3 Nc5 24.Rd2 Rfd8 25.Rhd1 Rxd2 26.Rxd2 Qa5 27.Ne4 Nxe4 28.
Qxe4 Rd8 29.Qc2 Bb4 30.Rd3 Qc7 31.Qd1 Rxd3 32.Qxd3 Qe7 33.Bb6 Qh4 34.Qd8+ 
Qxd8 35.Bxd8 Bd2 36.g3 Be1 37.Bh4 g5 38.hxg6 fxg6 39.Kc2 Kf7 40.Kd1 Bc3 
41.Bf6 1/2-1/2

[Event "8th EUR-ch (w)"]
[Site "Dresden GER"]
[Date "2007.04.04"]
[Round "2"]
[White "Brunello, Roberta"]
[Black "Vovinkina, Natalia"]
[Result "0-1"]
[WhiteElo "1953"]
[BlackElo "2202"]
[EventDate "2007.04.03"]
[PlyCount "72"]

1.e4 e6 2.d4 d5 3.e5 c5 4.c3 Nc6 5.Nf3 Qb6 6.a3 a5 7.a4 Bd7 8.Be2 Rc8 9.
O-O Nh6 10.Na3 Nf5 11.Nc2 h5 12.Bb5 cxd4 13.cxd4 Nb4 14.Bxd7+ Kxd7 15.Na3 
Be7 16.Be3 Rcg8 17.Nb5 g5 18.Rc1 Nc6 19.Rc2 g4 20.Ne1 h4 21.Qd2 Rc8 22.Rc1
Bb4 23.Qd1 g3 24.h3 Bxe1 25.Rxe1 Nb4 26.fxg3 Rxc1 27.Qxc1 Nd3 28.Qd2 Nxe1 
29.Qxe1 Nxg3 30.Bd2 Nf5 31.Bxa5 Qc6 32.Bc3 Qc4 33.Qd1 Rg8 34.b3 Qc8 35.Qh5
Qf8 36.Kf2 Rg3 0-1

[Event "8th EUR-ch (w)"]
[Site "Dresden GER"]
[Date "2007.04.04"]
[Round "2"]
[White "Hafenstein, Andrea"]
[Black "Shukurova, Meihriban"]
[Result "0-1"]
[WhiteElo "1945"]
[BlackElo "2193"]
[EventDate "2007.04.03"]
[PlyCount "84"]

1.e4 e5 2.Nf3 Nc6 3.Bc4 Nf6 4.d3 Bc5 5.c3 d6 6.h3 h6 7.Bb3 O-O 8.O-O Bb6 
9.Re1 Be6 10.Nbd2 Qd7 11.Nf1 Rfe8 12.Be3 Bxb3 13.axb3 Bxe3 14.Nxe3 g6 15.
Qd2 Kg7 16.Nh2 Rh8 17.Nd5 Nxd5 18.exd5 Ne7 19.c4 Nf5 20.f4 Rhe8 21.Qf2 a5 
22.fxe5 dxe5 23.Nf3 f6 24.Nd2 b6 25.Rf1 Rf8 26.Rae1 Rae8 27.Ne4 Qd8 28.Qd2
Nd4 29.b4 axb4 30.Re3 f5 31.Nf2 Qg5 32.Nh1 Nb3 33.Qf2 f4 34.Ree1 Nd4 35.
Re4 Nf5 36.Qe1 Ne3 37.Rf2 b3 38.Qd1 Ra8 39.Kh2 Qh5 40.Rf3 Qg5 41.Qg1 Ra2 
42.Rf2 Ng4+ 0-1

[Event "8th EUR-ch (w)"]
[Site "Dresden GER"]
[Date "2007.04.04"]
[Round "2"]
[White "Tsoganova, Monika"]
[Black "Katte, Isabel"]
[Result "1-0"]
[WhiteElo "2185"]
[BlackElo "1947"]
[EventDate "2007.04.03"]
[PlyCount "39"]

1.e4 e5 2.Nf3 Nf6 3.Nxe5 d6 4.Nf3 Nxe4 5.Nc3 Nxc3 6.dxc3 Be7 7.Bf4 Bg4 8.
Bc4 Be6 9.Bxe6 fxe6 10.Nd4 Qd7 11.Qg4 e5 12.Qxg7 Rf8 13.Bxe5 c5 14.Qxh7 
dxe5 15.Qg6+ Rf7 16.Ne6 Bf6 17.Nxc5 Qd5 18.Ne4 Be7 19.Rd1 Qb5 20.Qg8+ 1-0

[Event "8th EUR-ch (w)"]
[Site "Dresden GER"]
[Date "2007.04.05"]
[Round "3"]
[White "Cmilyte, Viktorija"]
[Black "Atalik, Ekaterina"]
[Result "0-1"]
[WhiteElo "2462"]
[BlackElo "2374"]
[EventDate "2007.04.03"]
[PlyCount "72"]

1.d4 Nf6 2.c4 e6 3.Nf3 d5 4.Nc3 dxc4 5.Qa4+ Nbd7 6.e4 Be7 7.Bxc4 O-O 8.Qc2
c5 9.e5 Nd5 10.Nxd5 exd5 11.Bd3 h6 12.O-O c4 13.Bh7+ Kh8 14.Bf5 Nb8 15.
Bxc8 Qxc8 16.Be3 Nc6 17.Ne1 Qe6 18.f4 f5 19.Kh1 g5 20.g4 gxf4 21.Rxf4 fxg4
22.Ng2 Nb4 23.Qe2 Nd3 24.Rxg4 Rf2 25.Bxf2 Qxg4 26.Qd2 Kh7 27.Bg3 Rf8 28.
Qe3 Bg5 29.Qg1 Qe2 30.h4 Be7 31.Qe3 Qg4 32.Bh2 Rg8 33.Rg1 Qh3 34.Qe2 Rf8 
35.Rf1 Qg4 36.Qxg4 Rxf1+ 0-1

[Event "8th EUR-ch (w)"]
[Site "Dresden GER"]
[Date "2007.04.05"]
[Round "3"]
[White "Foisor, Cristina"]
[Black "Kosintseva, Tatiana"]
[Result "0-1"]
[WhiteElo "2384"]
[BlackElo "2459"]
[EventDate "2007.04.03"]
[PlyCount "114"]

1.c4 Nf6 2.Nf3 c6 3.g3 d5 4.cxd5 cxd5 5.Bg2 Nc6 6.d4 Bf5 7.Nc3 e6 8.O-O 
Be7 9.a3 h6 10.b4 O-O 11.Bb2 Ne4 12.Ne5 Nxc3 13.Bxc3 Rc8 14.Nd3 Na5 15.Rc1
Nc4 16.a4 Bg5 17.Nf4 Bxf4 18.gxf4 Qh4 19.Bd2 Bh3 20.Bxh3 Qxh3 21.Rc3 Qf5 
22.Rg3 Nd6 23.f3 Rc4 24.e3 Qd3 25.Rg2 Rfc8 26.Qe2 Qxe2 27.Rxe2 Rc2 28.Rff2
Ra2 29.a5 Rcc2 30.Kf1 Ra1+ 31.Re1 Ra3 32.Bc1 Raa2 33.Rxc2 Rxc2 34.e4 Rxh2 
35.Kg1 Rc2 36.f5 dxe4 37.fxe6 exf3 38.exf7+ Kxf7 39.Rf1 Nf5 40.Bf4 Nxd4 
41.Be5 Rg2+ 42.Kh1 Rg4 43.Bxd4 Rxd4 44.Rxf3+ Ke6 45.Rb3 Kd5 46.b5 Kc4 47.
Rb1 Rd5 48.b6 Rxa5 49.bxa7 Rxa7 50.Rc1+ Kd3 51.Rc7 Ra1+ 52.Kg2 b5 53.Rxg7 
b4 54.Rb7 Kc3 55.Rc7+ Kb2 56.Rc6 b3 57.Rxh6 Re1 0-1

[Event "8th EUR-ch (w)"]
[Site "Dresden GER"]
[Date "2007.04.05"]
[Round "3"]
[White "Vasilevich, Irina"]
[Black "Arakhamia-Grant, Ketevan"]
[Result "1/2-1/2"]
[WhiteElo "2380"]
[BlackElo "2435"]
[EventDate "2007.04.03"]
[PlyCount "148"]

1.e4 c5 2.Nf3 e6 3.d4 cxd4 4.Nxd4 Nc6 5.Nb5 d6 6.c4 Nf6 7.N1c3 a6 8.Na3 b6
9.Be2 Bb7 10.O-O Nb8 11.f3 Nbd7 12.Be3 Qc7 13.Rc1 Be7 14.Kh1 Rc8 15.Qd2 
O-O 16.Rfd1 Qb8 17.Bg1 Rfd8 18.Nc2 Bf8 19.b4 Ba8 20.a3 Ne5 21.Ne3 g6 22.
Bf1 Bg7 23.Qf2 Bc6 24.Nc2 Nfd7 25.Nd4 Ba8 26.Na4 d5 27.cxd5 Rxc1 28.Rxc1 
exd5 29.exd5 Bxd5 30.Bxa6 Qa8 31.Bb5 Nd3 32.Bxd3 Qxa4 33.Nb5 Ne5 34.Qxb6 
Qa8 35.Nc7 Qxa3 36.Nxd5 Rxd5 37.Rc8+ Bf8 38.Be4 Rd1 39.Rxf8+ Kxf8 40.Qb8+ 
Kg7 41.Qxe5+ Kg8 42.Qb8+ Kg7 43.h3 Qe3 44.Qh2 f5 45.Bc6 f4 46.b5 Qf2 47.
Be4 h5 48.b6 h4 49.b7 Qb6 50.g3 hxg3 51.Qg2 Kh6 52.Bc2 Re1 53.b8=Q Qxb8 
54.Qd2 Qe5 55.Bd3 g5 56.Kg2 Qa1 57.Bc5 Qd1 58.Bf8+ Kh5 59.Qxd1 Rxd1 60.Bf1
Rd2+ 61.Kg1 Kh4 62.Bg2 Ra2 63.Be7 Ra7 64.Bf6 Ra6 65.Be7 Re6 66.Bd8 Re1+ 
67.Bf1 Rb1 68.Bf6 Rd1 69.Be7 Kh5 70.Kg2 Kg6 71.Bb5 Rd2+ 72.Kg1 Kh5 73.Bf1 
Kh4 74.Bg2 Rd1+ 1/2-1/2

[Event "8th EUR-ch (w)"]
[Site "Dresden GER"]
[Date "2007.04.05"]
[Round "3"]
[White "Michna, Marta"]
[Black "Javakhishvili, Lela"]
[Result "1/2-1/2"]
[WhiteElo "2355"]
[BlackElo "2425"]
[EventDate "2007.04.03"]
[PlyCount "28"]

1.d4 Nf6 2.Bg5 e6 3.e4 h6 4.Bxf6 Qxf6 5.Nf3 d6 6.c3 Nd7 7.Nbd2 Qd8 8.Bd3 
Be7 9.Qe2 c5 10.dxc5 Ne5 11.Bb5+ Bd7 12.Rd1 O-O 13.Bxd7 Qxd7 14.O-O Qc7 
1/2-1/2

[Event "8th EUR-ch (w)"]
[Site "Dresden GER"]
[Date "2007.04.05"]
[Round "3"]
[White "Danielian, Elina"]
[Black "Vozovic, Oksana"]
[Result "1-0"]
[WhiteElo "2424"]
[BlackElo "2356"]
[EventDate "2007.04.03"]
[PlyCount "133"]

1.d4 g6 2.Nf3 Bg7 3.g3 d6 4.Bg2 e5 5.c4 Nd7 6.Nc3 Nh6 7.O-O O-O 8.dxe5 
dxe5 9.Qc2 c6 10.Rd1 Qe7 11.Ne4 f5 12.Nd6 e4 13.Ng5 Nc5 14.Bf4 Be6 15.b4 
Bxa1 16.Rxa1 Nd7 17.Nxb7 Nf7 18.Nxf7 Rxf7 19.Rd1 Qxb4 20.Nd6 Rff8 21.Bh6 
Rfb8 22.Bxe4 fxe4 23.Qxe4 Re8 24.Nxe8 Rxe8 25.Qxc6 Qc5 26.Qxc5 Nxc5 27.Be3
Rc8 28.f3 a5 29.Kf2 Kf7 30.Rb1 Bxc4 31.Rc1 Ne6 32.a4 Rc6 33.Bd2 Nd4 34.Be3
Nb3 35.Rd1 Ke6 36.Rd8 Ba6 37.Rb8 Bc4 38.g4 Kd5 39.Rb7 Nc5 40.Rxh7 Nxa4 41.
Ra7 Ba6 42.Bd2 Nc5 43.Bxa5 Re6 44.e4+ Kd4 45.Bd2 Kd3 46.Bb4 Nb7 47.h4 Kc4 
48.Bd2 Nc5 49.h5 gxh5 50.gxh5 Kd3 51.Bg5 Bb7 52.Kg3 Re8 53.h6 Rg8 54.Kh4 
Ke2 55.Bf6 Rg1 56.Ra1 Rg6 57.Bg7 Kxf3 58.h7 Rg4+ 59.Kh5 Rxg7 60.h8=Q Ne6 
61.Ra3+ Kxe4 62.Ra4+ Kf5 63.Ra5+ Kf6 64.Qh6+ Ke7 65.Re5 Bf3+ 66.Kh4 Rg4+ 
67.Kh3 1-0

[Event "8th EUR-ch (w)"]
[Site "Dresden GER"]
[Date "2007.04.05"]
[Round "3"]
[White "Jackova, Jana"]
[Black "Mamedyarova, Zeinab"]
[Result "0-1"]
[WhiteElo "2423"]
[BlackElo "2354"]
[EventDate "2007.04.03"]
[PlyCount "74"]

1.e4 e5 2.Nf3 d6 3.Bc4 Be7 4.d4 exd4 5.Nxd4 Nf6 6.Nc3 O-O 7.O-O Nc6 8.Nxc6
bxc6 9.h3 Re8 10.Qf3 Be6 11.Bxe6 fxe6 12.e5 Nd5 13.Ne4 Rf8 14.Qg3 Rf5 15.
c4 Rxe5 16.Bh6 Qf8 17.Rae1 Nb4 18.Qg4 Nc2 19.Rd1 c5 20.Ng3 Nd4 21.Bf4 h5 
22.Nxh5 Rxh5 23.Qxh5 Qxf4 24.Rd3 Rf8 25.Ra3 Bf6 26.Qg4 Qxg4 27.hxg4 Ne2+ 
28.Kh2 Bxb2 29.Rxa7 Be5+ 30.Kh3 d5 31.g3 Nxg3 32.Rc1 Rxf2 33.g5 d4 34.g6 
Kf8 35.Ra3 Nf5 36.Kg4 Ne3+ 37.Kh4 Rf3 0-1

[Event "8th EUR-ch (w)"]
[Site "Dresden GER"]
[Date "2007.04.05"]
[Round "3"]
[White "Voicu, Carmen"]
[Black "Peptan, Corina-Isabela"]
[Result "1-0"]
[WhiteElo "2354"]
[BlackElo "2422"]
[EventDate "2007.04.03"]
[PlyCount "107"]

1.e4 c5 2.Nf3 e6 3.d4 cxd4 4.Nxd4 Nc6 5.Nb5 d6 6.c4 Nf6 7.N1c3 a6 8.Na3 
Be7 9.Be2 b6 10.O-O Bb7 11.Be3 O-O 12.Qb3 Nd7 13.Rad1 Rb8 14.Rd2 Nc5 15.
Qd1 Qc8 16.f4 Rd8 17.Nab1 Bf8 18.a3 Ne7 19.Bf3 f5 20.Qc2 fxe4 21.Nxe4 Bxe4
22.Bxe4 Nxe4 23.Qxe4 d5 24.cxd5 exd5 25.Qd3 b5 26.f5 Nc6 27.Bg5 Rd7 28.f6 
Ne5 29.Qf5 Qc5+ 30.Kh1 Qd6 31.Nc3 g6 32.Qh3 Qc6 33.Qg3 Re8 34.Rfd1 Nf7 35.
Nxd5 Re5 36.Ne7+ Bxe7 37.Rxd7 Bxf6 38.Bxf6 Qxf6 39.h3 Re2 40.Qb8+ Kg7 41.
Qb7 Kf8 42.Rc1 Re8 43.Kg1 Nd8 44.Qd5 Qb6+ 45.Kh1 Qf6 46.Qd6+ Qxd6 47.Rxd6 
a5 48.Rc7 Ne6 49.Rxh7 Kg8 50.Ra7 Nf4 51.Rb6 b4 52.axb4 axb4 53.Rxb4 Nd3 
54.Rbb7 1-0

[Event "8th EUR-ch (w)"]
[Site "Dresden GER"]
[Date "2007.04.05"]
[Round "3"]
[White "Jurgens, Vera"]
[Black "Bojkovic, Natasa"]
[Result "1/2-1/2"]
[WhiteElo "2290"]
[BlackElo "2408"]
[EventDate "2007.04.03"]
[PlyCount "76"]

1.d4 Nf6 2.Bg5 e6 3.Nd2 h6 4.Bh4 c5 5.e3 cxd4 6.exd4 Be7 7.Ngf3 b6 8.Bd3 
Bb7 9.c3 d6 10.O-O O-O 11.Qe2 Nbd7 12.a4 a6 13.Nc4 Bc6 14.Nfd2 Re8 15.Rfe1
Qc7 16.Bg3 Bf8 17.Ne3 Bb7 18.Ng4 Qc6 19.Nxf6+ Nxf6 20.Ne4 Nxe4 21.Bxe4 
Qxe4 22.Qxe4 Bxe4 23.Rxe4 d5 24.Ree1 Rac8 25.Bf4 g5 26.Bd2 Bd6 27.Kf1 f6 
28.h4 Kf7 29.hxg5 hxg5 30.g3 Rh8 31.Kg2 Rc4 32.b3 Rc7 33.Rh1 Rxh1 34.Rxh1 
Bf8 35.Rc1 Ba3 36.Rh1 Bf8 37.Rc1 Ba3 38.Rh1 Bf8 1/2-1/2

[Event "8th EUR-ch (w)"]
[Site "Dresden GER"]
[Date "2007.04.05"]
[Round "3"]
[White "Socko, Monika"]
[Black "Repkova, Eva"]
[Result "1-0"]
[WhiteElo "2481"]
[BlackElo "2328"]
[EventDate "2007.04.03"]
[PlyCount "125"]

1.d4 d5 2.c4 e6 3.Nc3 Nf6 4.cxd5 exd5 5.Bg5 c6 6.e3 Qb6 7.Bd3 Ne4 8.Bxe4 
dxe4 9.Nge2 Bb4 10.O-O Bxc3 11.Nxc3 Bf5 12.Qc2 Bg6 13.Nxe4 O-O 14.f3 Na6 
15.Qd2 f6 16.Bf4 Rad8 17.Rfd1 Bxe4 18.fxe4 Rfe8 19.Qc2 Nb4 20.Qb3+ Kh8 21.
a3 Na6 22.Qc2 Nc7 23.e5 Nd5 24.exf6 Nxf4 25.fxg7+ Kg8 26.exf4 Rxd4 27.Rxd4
Qxd4+ 28.Qf2 Re4 29.Qxd4 Rxd4 30.g3 Kxg7 31.Kf2 c5 32.Ke3 Rd7 33.Rc1 b6 
34.g4 Re7+ 35.Kf3 Rd7 36.Re1 Rd2 37.Re2 Rd7 38.Ke4 c4 39.g5 Kg6 40.Rg2 Rd1
41.f5+ Kg7 42.Ke5 b5 43.h4 Re1+ 44.Kf4 h5 45.gxh6+ Kxh6 46.f6 Rf1+ 47.Ke5 
a5 48.Ke6 b4 49.axb4 axb4 50.f7 c3 51.bxc3 bxc3 52.Ke7 Re1+ 53.Kf8 Kh7 54.
Rg7+ Kh8 55.Rg5 Kh7 56.Rh5+ Kg6 57.Rc5 Kh7 58.Rxc3 Rh1 59.Rd3 Rg1 60.Re3 
Ra1 61.Ke7 Ra7+ 62.Kf6 Ra5 63.Re8 1-0

[Event "8th EUR-ch (w)"]
[Site "Dresden GER"]
[Date "2007.04.05"]
[Round "3"]
[White "Calzetta Ruiz, Monica"]
[Black "Hoang Thanh Trang"]
[Result "0-1"]
[WhiteElo "2340"]
[BlackElo "2472"]
[EventDate "2007.04.03"]
[PlyCount "116"]

1.e4 b6 2.d4 Bb7 3.Bd3 Nf6 4.Qe2 Nc6 5.c3 e5 6.Nf3 d6 7.O-O Be7 8.Rd1 O-O 
9.a3 Qc8 10.Nbd2 a5 11.d5 Nd8 12.Nf1 c6 13.c4 Nd7 14.Ng3 g6 15.Bh6 Re8 16.
b4 f6 17.h4 Nf7 18.Be3 h5 19.Nh2 Kg7 20.Nhf1 Rh8 21.dxc6 Bxc6 22.Bd2 Nf8 
23.Be3 Bd8 24.f3 Ne6 25.Qb2 Rb8 26.Rab1 Be7 27.Rdc1 Qd7 28.Ne2 Nc7 29.b5 
Ba8 30.Nc3 Ne6 31.Na4 Nc5 32.Nxc5 dxc5 33.Rd1 Nd8 34.Qf2 Ne6 35.Qg3 Nd4 
36.f4 exf4 37.Bxf4 Rbe8 38.e5 Qg4 39.exf6+ Bxf6 40.Qxg4 hxg4 41.Bg5 Bxg5 
42.hxg5 Re5 43.Re1 Rhe8 44.Rxe5 Rxe5 45.Kf2 Ne6 46.Rd1 Nxg5 47.Bc2 Bxg2 
48.Rd7+ Kh6 49.Kxg2 Re2+ 50.Kg3 Rxc2 51.Ne3 Rc3 52.Kf4 Nh3+ 53.Kxg4 Rxe3 
54.Rd6 Nf2+ 55.Kf4 Rxa3 56.Rxb6 Rc3 57.Ke5 Rxc4 58.Kd5 Rb4 0-1

[Event "8th EUR-ch (w)"]
[Site "Dresden GER"]
[Date "2007.04.05"]
[Round "3"]
[White "Dembo, Yelena"]
[Black "Collas, Silvia"]
[Result "0-1"]
[WhiteElo "2470"]
[BlackElo "2401"]
[EventDate "2007.04.03"]
[PlyCount "78"]

1.e4 c5 2.Nf3 d6 3.d4 cxd4 4.Nxd4 Nf6 5.Nc3 a6 6.Bc4 e6 7.Bb3 b5 8.Bg5 Be7
9.Qf3 Qb6 10.O-O-O O-O 11.Rhe1 Nbd7 12.Qg3 Nc5 13.Bh6 Ne8 14.Bd5 Bb7 15.
Nf5 Bf6 16.Bxb7 Nxb7 17.e5 dxe5 18.Be3 Qc6 19.Nh6+ Kh8 20.Ng4 b4 21.Ne2 
Rc8 22.Kb1 Nbd6 23.Rc1 Nc4 24.Ka1 Qb5 25.h4 Be7 26.h5 f5 27.h6 fxg4 28.
hxg7+ Nxg7 29.Rh1 Nxe3 30.Qxe3 Nf5 31.Qd2 Qd5 32.Qe1 a5 33.Rh5 Qxg2 34.Ng3
Nxg3 35.fxg3 e4 36.Qd1 Qf3 37.Qd4+ Bf6 38.Qd7 Bg7 39.Kb1 Qf6 0-1

[Event "8th EUR-ch (w)"]
[Site "Dresden GER"]
[Date "2007.04.05"]
[Round "3"]
[White "Vasilkova, Svetlana"]
[Black "Khurtsidze, Nino"]
[Result "1/2-1/2"]
[WhiteElo "2346"]
[BlackElo "2469"]
[EventDate "2007.04.03"]
[PlyCount "63"]

1.e4 c5 2.Nf3 d6 3.d3 Nc6 4.g3 e6 5.Bg2 Nf6 6.O-O Be7 7.Nbd2 Bd7 8.Re1 O-O
9.c3 Rc8 10.a3 b5 11.b4 Qc7 12.Bb2 Rfd8 13.Qe2 Be8 14.d4 cxd4 15.cxd4 a5 
16.d5 exd5 17.exd5 Nxd5 18.Nh4 Bf6 19.Ne4 Bxb2 20.Qxb2 Nde7 21.Rad1 axb4 
22.axb4 d5 23.Nc3 d4 24.Nxb5 Qb6 25.Na3 Ng6 26.Nf5 Qxb4 27.Qxb4 Nxb4 28.
Rxd4 Rxd4 29.Nxd4 Ba4 30.Nab5 Nc2 31.Nxc2 Bxb5 32.Nd4 1/2-1/2

[Event "8th EUR-ch (w)"]
[Site "Dresden GER"]
[Date "2007.04.05"]
[Round "3"]
[White "Lahno, Kateryna"]
[Black "Melia, Salome"]
[Result "1-0"]
[WhiteElo "2467"]
[BlackElo "2396"]
[EventDate "2007.04.03"]
[PlyCount "50"]

1.e4 c5 2.Nf3 d6 3.d4 cxd4 4.Nxd4 Nf6 5.Nc3 Nc6 6.Be2 g6 7.O-O Bg7 8.Nb3 
O-O 9.Re1 Be6 10.Bg5 Re8 11.Bf1 Nd7 12.Rb1 Rc8 13.Nd5 Nce5 14.c3 Nc4 15.
Nd4 Bxd5 16.exd5 Nf6 17.Qa4 Na5 18.Rbd1 a6 19.c4 Qb6 20.b4 Nxc4 21.Bxc4 
Nd7 22.Be3 Rxc4 23.Qxd7 Rd8 24.Qxe7 Bf8 25.Qf6 Bg7 1-0

[Event "8th EUR-ch (w)"]
[Site "Dresden GER"]
[Date "2007.04.05"]
[Round "3"]
[White "Dzagnidze, Nana"]
[Black "Dworakowska, Joanna"]
[Result "1-0"]
[WhiteElo "2435"]
[BlackElo "2363"]
[EventDate "2007.04.03"]
[PlyCount "161"]

1.d4 Nf6 2.c4 g6 3.Nc3 Bg7 4.Nf3 O-O 5.g3 d6 6.Bg2 Nc6 7.O-O Rb8 8.Bg5 h6 
9.Bf4 Nh5 10.Be3 Na5 11.Nd2 f5 12.f4 a6 13.a4 Kh7 14.Bf2 e5 15.fxe5 dxe5 
16.d5 e4 17.Ba7 Ra8 18.Bc5 Re8 19.Bb4 c6 20.Kh1 Be5 21.Qe1 Qb6 22.Na2 Qc7 
23.Rc1 c5 24.Bc3 b6 25.Bxe5 Qxe5 26.b4 Nb7 27.Rb1 Qc7 28.Nb3 cxb4 29.Qxb4 
a5 30.Qd2 Bd7 31.Nc3 Nd6 32.Qd4 Qxc4 33.Qxb6 Ra6 34.Qe3 Nf6 35.Nd2 Qc7 36.
Rfc1 Rc8 37.Nb3 Ng4 38.Qd4 Qc4 39.Nb5 Qxb3 40.Rxb3 Rxc1+ 41.Bf1 Rxf1+ 42.
Kg2 Rf2+ 43.Kg1 Nf7 44.h3 Ng5 45.hxg4 Nh3+ 46.Kh1 fxg4 47.Nc3 Rf1+ 48.Kg2 
Rf2+ 49.Qxf2 Nxf2 50.Kxf2 Bf5 51.Rb7+ Kg8 52.Ke3 Ra8 53.Kf4 Rf8 54.Ke5 
Re8+ 55.Kd4 h5 56.d6 h4 57.gxh4 g3 58.Nd5 g2 59.Rb1 Rd8 60.Ke5 Re8+ 61.Kd4
Rd8 62.Kc5 Kf7 63.Nf4 Kf6 64.Nxg2 Rc8+ 65.Kd4 Ke6 66.Rb6 Kd7 67.Ne3 Rh8 
68.Ke5 Bh3 69.Rb7+ Kc6 70.Rc7+ Kb6 71.Nd5+ Ka6 72.d7 Rh5+ 73.Kd6 Rh8 74.
Ne7 Bxd7 75.Rxd7 e3 76.Nxg6 Rh6 77.Ke7 Kb6 78.Kf6 Rh5 79.Re7 Rc5 80.Rxe3 
Rc4 81.h5 1-0

[Event "8th EUR-ch (w)"]
[Site "Dresden GER"]
[Date "2007.04.05"]
[Round "3"]
[White "Klinova, Masha"]
[Black "Kovalevskaya, Ekaterina"]
[Result "0-1"]
[WhiteElo "2330"]
[BlackElo "2432"]
[EventDate "2007.04.03"]
[PlyCount "74"]

1.e4 c5 2.Nf3 e6 3.c4 Nc6 4.Nc3 e5 5.d3 d6 6.Be2 g6 7.Nd5 Bg7 8.a3 Nge7 9.
Rb1 O-O 10.b4 b6 11.b5 Nxd5 12.cxd5 Nd4 13.Nxd4 exd4 14.O-O a6 15.Qb3 Bd7 
16.Bf4 Qe7 17.bxa6 Rxa6 18.Rbe1 b5 19.h3 Ra4 20.Bg4 Be8 21.Bd1 Qc7 22.Qa2 
Ra6 23.Bb3 Bd7 24.Ra1 Rfa8 25.Rfc1 Qa7 26.Qc2 Qb8 27.a4 bxa4 28.Bc4 Rb6 
29.Rcb1 Rb4 30.Bd2 Rxb1+ 31.Rxb1 Qc7 32.Bb5 Bxb5 33.Rxb5 c4 34.dxc4 d3 35.
Qa2 Bd4 36.Bb4 Qe7 37.Kf1 Qe5 0-1

[Event "8th EUR-ch (w)"]
[Site "Dresden GER"]
[Date "2007.04.05"]
[Round "3"]
[White "Korbut, Ekaterina"]
[Black "Khukhashvili, Sopiko"]
[Result "1-0"]
[WhiteElo "2429"]
[BlackElo "2334"]
[EventDate "2007.04.03"]
[PlyCount "123"]

1.e4 e6 2.d4 d5 3.Nc3 dxe4 4.Nxe4 Nd7 5.Nf3 Ngf6 6.Nxf6+ Nxf6 7.c3 c5 8.
Be3 Qc7 9.Ne5 a6 10.Qa4+ Nd7 11.Bb5 cxd4 12.Bxd7+ Bxd7 13.Qxd4 f6 14.Nxd7 
Qxd7 15.Qg4 f5 16.Qe2 Be7 17.Bd4 O-O 18.O-O-O Qc6 19.Rhe1 Bg5+ 20.Kb1 Rae8
21.Rd3 e5 22.Ba7 e4 23.Rd4 b5 24.Red1 Re6 25.Rd7 h6 26.g3 Be7 27.Qd2 Bc5 
28.h4 Re7 29.Rxe7 Bxe7 30.Qd7 Qxd7 31.Rxd7 Re8 32.Be3 a5 33.Ra7 f4 34.gxf4
b4 35.h5 bxc3 36.bxc3 Bf6 37.c4 Rb8+ 38.Kc1 Rb4 39.c5 a4 40.c6 Rc4+ 41.Kd1
Rxc6 42.Rxa4 Rd6+ 43.Kc2 Rd5 44.Ra8+ Kf7 45.a4 Bd4 46.a5 Bxe3 47.fxe3 Rxh5
48.a6 Kg6 49.Kc3 Rd5 50.Kc4 Ra5 51.Kb4 Ra1 52.Kb5 Rb1+ 53.Kc6 Ra1 54.Kd5 
Kf5 55.a7 Kg4 56.Kxe4 h5 57.f5 Ra4+ 58.Kd5 Kf3 59.e4 Kf4 60.e5 Ra5+ 61.Kd4
Ra4+ 62.Kc3 1-0

[Event "8th EUR-ch (w)"]
[Site "Dresden GER"]
[Date "2007.04.05"]
[Round "3"]
[White "Mamedyarova, Turkan"]
[Black "Mkrtchian, Lilit"]
[Result "1/2-1/2"]
[WhiteElo "2293"]
[BlackElo "2424"]
[EventDate "2007.04.03"]
[PlyCount "124"]

1.d4 d5 2.c4 e6 3.Nf3 Nf6 4.Nc3 Be7 5.Bg5 h6 6.Bh4 O-O 7.e3 b6 8.Bd3 Bb7 
9.O-O Nbd7 10.Bg3 Bd6 11.Ne5 Ne4 12.Bxe4 dxe4 13.Nxd7 Qxd7 14.Qc2 f5 15.
Rfd1 Qe7 16.Rac1 Rfd8 17.Ne2 Kh7 18.Bxd6 cxd6 19.d5 exd5 20.cxd5 Rac8 21.
Qb3 Rc5 22.Rxc5 dxc5 23.h3 Rd6 24.Rd2 Qe5 25.Qc3 Qxc3 26.Nxc3 a6 27.f3 Kg6
28.a4 exf3 29.gxf3 Kf6 30.e4 g5 31.Re2 Ke5 32.Kf2 f4 33.Rc2 Bc8 34.Nb1 
Bxh3 35.Na3 b5 36.axb5 axb5 37.Nxb5 Rb6 38.Na3 Rb4 39.Nc4+ Kd4 40.Na5 Bd7 
41.Rd2+ Ke5 42.b3 Kd6 43.Nc4+ Ke7 44.e5 Rxb3 45.e6 Bb5 46.Ne5 c4 47.d6+ 
Kxe6 48.Nxc4 Bc6 49.Re2+ Kd5 50.Ne5 Kxd6 51.Nxc6 Kxc6 52.Re6+ Kd5 53.Rxh6 
Rb2+ 54.Kf1 Kd4 55.Re6 Rb5 56.Kf2 Re5 57.Rd6+ Rd5 58.Re6 Rc5 59.Re8 Kd5 
60.Kg2 Kd6 61.Kh3 Re5 62.Rg8 Ke7 1/2-1/2

[Event "8th EUR-ch (w)"]
[Site "Dresden GER"]
[Date "2007.04.05"]
[Round "3"]
[White "Pogonina, Natalia"]
[Black "Muhren, Bianca"]
[Result "0-1"]
[WhiteElo "2419"]
[BlackElo "2311"]
[EventDate "2007.04.03"]
[PlyCount "114"]

1.e4 c5 2.Nf3 d6 3.d4 cxd4 4.Nxd4 Nf6 5.Nc3 a6 6.Be2 e6 7.O-O Be7 8.f4 Nc6
9.Be3 O-O 10.Qe1 Nxd4 11.Bxd4 b5 12.a3 Bb7 13.Qg3 g6 14.Bf3 Qc7 15.Rad1 
Rad8 16.Kh1 Nd7 17.f5 Bf6 18.Bg4 Bxd4 19.Rxd4 e5 20.Rdd1 Nf6 21.fxg6 fxg6 
22.Be6+ Kg7 23.Qd3 Qe7 24.Bb3 Ng4 25.Qg3 Nf6 26.Qh4 a5 27.Qe1 b4 28.axb4 
axb4 29.Nd5 Bxd5 30.Bxd5 Ng4 31.Qg3 h5 32.h3 Nf6 33.Qb3 h4 34.Qxb4 Nh5 35.
Rxf8 Rxf8 36.Qb7 Qxb7 37.Bxb7 Rb8 38.Ba6 Rxb2 39.Kg1 Rxc2 40.Rxd6 Ng3 41.
Rd1 Kf6 42.Kh2 Kg5 43.Re1 Kf4 44.Bb7 Re2 45.Rb1 Nxe4 46.Rb4 Kf5 47.Bc8+ 
Kg5 48.Bg4 Re1 49.Bf3 Kf5 50.Bg4+ Kf4 51.Bf3 g5 52.Ra4 Kf5 53.g4+ hxg3+ 
54.Kg2 Kf4 55.Ra8 Nd2 56.Rf8+ Ke3 57.Kxg3 Rf1 0-1

[Event "8th EUR-ch (w)"]
[Site "Dresden GER"]
[Date "2007.04.05"]
[Round "3"]
[White "Rajlich, Iweta"]
[Black "Schuurman, Petra"]
[Result "1-0"]
[WhiteElo "2408"]
[BlackElo "2295"]
[EventDate "2007.04.03"]
[PlyCount "29"]

1.d4 Nf6 2.c4 e6 3.Nc3 Bb4 4.Qc2 O-O 5.Nf3 b6 6.g3 Bb7 7.Bg2 Be4 8.Qb3 c5 
9.O-O Bxc3 10.Qxc3 Qc7 11.dxc5 Qxc5 12.b4 Qh5 13.h3 a5 14.g4 axb4 15.Qxf6 
1-0